Online Catalogue and eLibrary

Women in Western Political Thought (Record no. 1682)

MARC details
000 -LEADER
fixed length control field 00499nam a2200193Ia 4500
005 - DATE AND TIME OF LATEST TRANSACTION
control field 20250203061023.0
008 - FIXED-LENGTH DATA ELEMENTS--GENERAL INFORMATION
fixed length control field 240331s9999 xx 000 0 und d
020 ## - INTERNATIONAL STANDARD BOOK NUMBER
ISBN 0691021910
082 ## - DDC Classification
Item Number - Author Mark OKI
DDC Edition Number 1159
Class No. 305.4
100 ## - MAIN ENTRY--PERSONAL NAME
Personal name Okin, S. M
245 #0 - TITLE STATEMENT
Title Women in Western Political Thought
260 ## - PUBLICATION, DISTRIBUTION, ETC.
Place of publication, distribution, etc. New Jersey;
-- Oxford
Name of publisher, distributor, etc. Princeton University Press
Date of publication, distribution, etc. 1979
300 ## - PHYSICAL DESCRIPTION
Extent (e.g. Volumes, Pages etc.) ix, 413 p.,
650 ## - SUBJECT ADDED ENTRY--TOPICAL TERM
Topical term or geographic name entry element Women
650 ## - SUBJECT ADDED ENTRY--TOPICAL TERM
Topical term or geographic name entry element Western Politics
650 ## - SUBJECT ADDED ENTRY--TOPICAL TERM
Topical term or geographic name entry element Functionalism
650 ## - SUBJECT ADDED ENTRY--TOPICAL TERM
Topical term or geographic name entry element Misogyny
942 ## - Koha item type (Biblio)
Koha item type Books in Stacks (Lending)
Holdings
Lost status Damaged status Collection code Home library Current library Shelving location Date acquired Full call number Accession Number Item type
    Lending WERC Library WERC Library Social Science Cupboard 03/31/2024 305.4 OKI 1159 Books in Stacks (Lending)

© WERC Library